00297nam a2200109Ia 450000100070000000500170000700800410002424500480006526000480011330000070016199900190016858899620250717120840.0250717s9999 xx 000 0 und d 0aU-10 ARKADAŞ ARAYAN KÖPEKcYAŞAR KOCA bTÜRKİYE DİYANET VAKFI YAYINLARIc2018 b83 c588996d588996